50 años de mar: bitácora de los viajes de instrucción realizados entre los años 1955 y 2005 por el Buque Escuela Esmeralda
Đã lưu trong:
| Tác giả chính: | |
|---|---|
| Định dạng: | Sách |
| Ngôn ngữ: | Tiếng Tây Ban Nha |
| Được phát hành: |
Valparaíso
Escuela Naval Arturo Prat
2005
|
| Những chủ đề: | |
| Các nhãn: |
Thêm thẻ
Không có thẻ, Là người đầu tiên thẻ bản ghi này!
|
MARC
| LEADER | 00000cam a2200000 a 4500 | ||
|---|---|---|---|
| 001 | UCF5991 | ||
| 003 | CL-VaPUC | ||
| 008 | 130404e20051100CL |||||||||||||||||spa|d | ||
| 020 | |a 9568041044 | ||
| 082 | 0 | 4 | |a 380 |b MER |2 21 |
| 100 | |a Merlet Sanhueza, Enrique |e autor |9 568038 | ||
| 245 | 1 | 0 | |a 50 años de mar: bitácora de los viajes de instrucción realizados entre los años 1955 y 2005 por el Buque Escuela Esmeralda |
| 300 | |a 632 p | ||
| 942 | |c BK | ||
| 945 | |d 20130404 00:00:00 |a dcastane | ||
| 260 | |a Valparaíso |b Escuela Naval Arturo Prat |c 2005 | ||
| 600 | 0 | 7 | |a ESMERALDA |2 CL-VaPUC |9 563245 |
| 650 | 7 | |a BUQUE ESCUELA |2 CL-VaPUC |9 506812 | |
| 650 | 0 | |a Armada de Chile |9 508787 | |
| 583 | |a last modification |c 20130404 09:53:00 |k Rodrigo Vera | ||
| 999 | |c 351384 |d 351382 | ||
| 952 | |0 0 |1 0 |4 0 |6 380_000000000000000_MER_2005 |7 0 |8 X |9 455434 |a FDOBUD |b FDOBUD |d 2019-11-22 |i 4881222 |o 380 MER 2005 |p 4881222 |r 2019-11-22 |w 2019-11-22 |y BK_X |k BUD | ||